[Event "Oberbayern Bezirksliga 1718"]
[Site "Germany"]
[Date "2017.11.26"]
[Round "3.8"]
[White "Mertz, Waldemar"]
[Black "Lochte, Szilvia"]
[Result "1-0"]
[WhiteElo "1758"]
[BlackElo "1857"]
[PlyCount "73"]
[EventDate "2017.10.22"]
[EventType "team-tourn"]
[EventRounds "9"]
[EventCountry "GER"]
[SourceTitle "EXT 2019"]
[Source "ChessBase"]
[SourceDate "2018.10.10"]
[SourceVersion "1"]
[SourceVersionDate "2018.10.10"]
[SourceQuality "1"]
[WhiteTeam "Waldkraiburg"]
[BlackTeam "Starnberg II"]
[WhiteTeamCountry "GER"]
[BlackTeamCountry "GER"]

1. Nf3 d5 2. d4 Nf6 3. c4 c6 4. Nc3 Bf5 5. Bg5 e6 6. e3 Nbd7 7. Be2 h6 8. Bh4 Qb6 9. Qd2 Ne4 10. Nxe4 dxe4 11. c5 Nxc5 12. 0-0 Na4 13. Ne5 Qxb2 14. Qxb2 Nxb2 15. Rab1 Ba3 16. g4 Bh7 17. Rfc1 Na4 18. Rc4 Nb6 19. Rc3 Bd6 20. Nc4 Bc7 21. Bg3 Bxg3 22. hxg3 Nxc4 23. Rxc4 0-0-0 24. a4 Rd5 25. Rcb4 b6 26. Ba6+ Kd7 27. Rc1 Rb8 28. Bc4 Rg5 29. Ba6 Rxg4 30. Rbc4 e5 31. Rxc6 exd4 32. exd4 Ke8 33. Rc7 Bg6 34. Bb5+ Kf8 35. d5 Rd8 36. Rxa7 Bf5 37. Rcc7 1-0

[Event "Regionalliga SO 1415"]
[Site "Bayern"]
[Date "2015.02.22"]
[Round "7.8"]
[White "Von Saldern, Ruediger"]
[Black "Mertz, Waldemar"]
[Result "1-0"]
[WhiteElo "1837"]
[BlackElo "1820"]
[PlyCount "116"]
[EventDate "2014.10.19"]
[EventType "team-tourn"]
[EventRounds "9"]
[EventCountry "GER"]
[SourceTitle "EXT 2018"]
[Source "ChessBase"]
[SourceDate "2017.10.13"]
[SourceVersion "1"]
[SourceVersionDate "2017.10.13"]
[SourceQuality "1"]
[WhiteTeam "Starnberger See"]
[BlackTeam "Waldkraiburg"]
[WhiteTeamCountry "GER"]
[BlackTeamCountry "GER"]

1. d4 Nf6 2. Nf3 e6 3. c4 d5 4. Nc3 Bb4 5. Bg5 h6 6. Bh4 0-0 7. e3 Be7 8. Rc1 Nbd7 9. Bd3 c5 10. 0-0 b6 11. e4 Bb7 12. cxd5 exd5 13. e5 Ne4 14. Bxe7 Qxe7 15. Re1 Nxc3 16. Rxc3 Rac8 17. Bf5 Rc6 18. Qa4 a6 19. Qc2 c4 20. Rce3 Kh8 21. Bxd7 Qxd7 22. e6 Rxe6 23. Rxe6 fxe6 24. Ne5 Qe8 25. Ng6+ Kg8 26. Nxf8 Kxf8 27. Qe2 Bc8 28. Qe5 Qd7 29. Re3 b5 30. g4 b4 31. g5 hxg5 32. Qxg5 Kg8 33. Qe5 Qf7 34. Rg3 a5 35. Qd6 Bd7 36. Qb6 Qf5 37. Qd8+ Kh7 38. Rg5 Qf6 39. Qxf6 gxf6 40. Rg3 Be8 41. f4 Bg6 42. Kf2 Kg7 43. Ke2 Kf7 44. Kd2 a4 45. Kc1 Be4 46. a3 b3 47. Kd2 e5 48. fxe5 fxe5 49. Kc3 Ke6 50. Rg7 Bd3 51. dxe5 Kxe5 52. Re7+ Kd6 53. Re3 Be4 54. Kd4 Bc2 55. Re8 Kc6 56. h4 Kd7 57. Re5 Be4 58. Rg5 Kd6 1-0

[Event "Regionalliga SO 0809"]
[Site "Bayern"]
[Date "2008.11.30"]
[Round "3.8"]
[White "Kirsch, Sebastian"]
[Black "Mertz, Waldemar"]
[Result "1/2-1/2"]
[WhiteElo "1827"]
[BlackElo "1872"]
[PlyCount "118"]
[EventDate "2008.10.05"]
[EventType "team-tourn"]
[EventRounds "9"]
[EventCountry "GER"]
[SourceTitle "EXT 2020"]
[Source "ChessBase"]
[SourceDate "2019.10.17"]
[SourceVersion "1"]
[SourceVersionDate "2019.10.17"]
[SourceQuality "1"]
[WhiteTeam "Ebersberg"]
[BlackTeam "Waldkraiburg"]
[WhiteTeamCountry "GER"]
[BlackTeamCountry "GER"]

1. d4 d5 2. Nf3 Nf6 3. c4 c6 4. e3 g6 5. Nc3 Bg7 6. Be2 0-0 7. 0-0 Nbd7 8. Qb3 e6 9. Rd1 Nb6 10. Ne5 Nxc4 11. Nxc4 dxc4 12. Bxc4 Qc7 13. Bd2 a5 14. a4 Bd7 15. Rac1 Qd6 16. e4 Qe7 17. Bg5 Qb4 18. e5 Nd5 19. Ne4 h6 20. Bd2 Qe7 21. Qh3 f5 22. exf6 Nxf6 23. Re1 Nd5 24. Nc5 Bxd4 25. Nxd7 Bxf2+ 26. Kh1 Bxe1 27. Rxe1 Qxd7 28. Rxe6 Qf7 29. Be3 Rae8 30. Rxe8 Rxe8 31. Bg1 Kh7 32. Qb3 Re7 33. h3 Qf5 34. Qa3 Rd7 35. Qc5 h5 36. b3 Nf4 37. Qe3 Nd5 38. Qc5 h4 39. Qd4 Qg5 40. Qf2 Re7 41. Qc5 Kh6 42. Bxd5 cxd5 43. Qd4 Kh7 44. Qf2 b6 45. Qf8 Qe5 46. Bxb6 d4 47. Bxd4 Qe1+ 48. Bg1 Qe4 49. Qf2 Rb7 50. Qf6 Rd7 51. Qg5 Rd5 52. Qc1 Qf5 53. Qe1 Qf6 54. Qe3 Rf5 55. Qa7+ Qf7 56. Qe3 Qd5 57. Qe7+ Kg8 58. Qxh4 Qxb3 59. Qd8+ Kh7 1/2-1/2